[Event "Turin Autumn op"]
[Site "Turin"]
[Date "2006.11.??"]
[Round "4"]
[White "Fortino, Fabrizio"]
[Black "Degrassi, Sergio"]
[Result "1-0"]
[WhiteElo "2057"]
[BlackElo "1879"]
[PlyCount "35"]
[EventDate "2006.10.28"]
[EventType "swiss"]
[EventRounds "7"]
[EventCountry "ITA"]
[SourceTitle "EXT 2011"]
[Source "ChessBase"]
[SourceDate "2010.11.26"]
[SourceVersion "1"]
[SourceVersionDate "2010.11.26"]
[SourceQuality "1"]

1. e4 c6 2. d4 d5 3. exd5 cxd5 4. c4 dxc4 5. Bxc4 e6 6. Nf3 Nf6 7. Nc3 Be7 8. 0-0 0-0 9. Re1 Re8 10. d5 Bb4 11. dxe6 Bxe6 12. Bxe6 fxe6 13. Qb3 Bxc3 14. Rxe6 Rxe6 15. Qxe6+ Kf8 16. bxc3 Qd1+ 17. Ne1 Qa4 18. Nc2 1-0

[Event "Turin Autumn op"]
[Site "Turin"]
[Date "2006.11.??"]
[Round "6"]
[White "Gussone, Claudio"]
[Black "Degrassi, Sergio"]
[Result "1/2-1/2"]
[WhiteElo "1970"]
[BlackElo "1879"]
[PlyCount "108"]
[EventDate "2006.10.28"]
[EventType "swiss"]
[EventRounds "7"]
[EventCountry "ITA"]
[SourceTitle "EXT 2011"]
[Source "ChessBase"]
[SourceDate "2010.11.26"]
[SourceVersion "1"]
[SourceVersionDate "2010.11.26"]
[SourceQuality "1"]

1. d4 d5 2. Nf3 Nf6 3. g3 e6 4. Bg2 Nbd7 5. 0-0 c5 6. c4 Be7 7. Nc3 0-0 8. cxd5 Nxd5 9. Nxd5 exd5 10. dxc5 Nxc5 11. Bf4 Be6 12. Qd4 Ne4 13. Rfd1 Bc5 14. Qxe4 dxe4 15. Rxd8 Raxd8 16. Ng5 Bf5 17. Nxe4 Bxe4 18. Bxe4 Rfe8 19. Bf3 b6 20. Rc1 h6 21. h4 Re7 22. Kg2 f5 23. Rc2 Kf7 24. h5 g5 25. hxg6+ Kxg6 26. Rc1 Red7 27. Rh1 Bf8 28. e4 fxe4 29. Bxe4+ Kf6 30. Rh5 Bg7 31. g4 Kf7 32. g5 hxg5 33. Bxg5 Bf6 34. Rh7+ Ke6 35. Rh6 Rg7 36. f4 Rf8 37. Kf3 Ke7 38. Bxf6+ Rxf6 39. Rxf6 Kxf6 40. Bd5 Rc7 41. a4 Rc5 42. Bg8 a5 43. Ke3 Kf5 44. Bh7+ Kg4 45. Bg8 Rc1 46. Be6+ Kh5 47. f5 Kg5 48. Kd4 Kf6 49. b3 Rc5 50. Kd3 Ke5 51. Kd2 Rc6 52. Kd3 Rd6+ 53. Kc4 Rd4+ 54. Kb5 Rd6 1/2-1/2

[Event "Asti Alfieri Memorial 1st"]
[Site "Asti"]
[Date "2006.02.05"]
[Round "6"]
[White "Degrassi, Sergio"]
[Black "Molina, Fabrizio"]
[Result "0-1"]
[WhiteElo "1796"]
[BlackElo "2264"]
[PlyCount "74"]
[EventDate "2006.02.02"]
[EventType "swiss"]
[EventRounds "6"]
[EventCountry "ITA"]
[SourceTitle "CBM 110 Extra"]
[Source "ChessBase"]
[SourceDate "2006.03.10"]
[SourceVersion "2"]
[SourceVersionDate "2006.03.10"]
[SourceQuality "1"]

1. d4 d6 2. Nf3 g6 3. Bg5 Bg7 4. e3 c6 5. Nbd2 Nd7 6. c3 Nb6 7. Bd3 Be6 8. Qc2 f6 9. Bf4 Bf7 10. h4 e5 11. dxe5 dxe5 12. Bg3 Qe7 13. a4 Rd8 14. a5 Nc8 15. Rd1 Nd6 16. e4 Nh6 17. 0-0 0-0 18. Rfe1 Be6 19. c4 Rd7 20. c5 Nc8 21. Bc4 Rfd8 22. b4 Ng4 23. Qb3 Bxc4 24. Nxc4 Qe6 25. Nfd2 Bh6 26. Re2 Rd4 27. f3 Rd3 28. Qc2 Ne3 29. Nxe3 Bxe3+ 30. Bf2 Bf4 31. g3 Bh6 32. Kg2 Kf7 33. Be1 Kg7 34. Qb2 a6 35. Qa1 Na7 36. g4 Bf4 37. Kf2 Nb5 0-1

[Event "Asti Alfieri Memorial 1st"]
[Site "Asti"]
[Date "2006.02.05"]
[Round "5"]
[White "Venturino, Marco"]
[Black "Degrassi, Sergio"]
[Result "1-0"]
[WhiteElo "2116"]
[BlackElo "1796"]
[PlyCount "55"]
[EventDate "2006.02.02"]
[EventType "swiss"]
[EventRounds "6"]
[EventCountry "ITA"]
[SourceTitle "CBM 110 Extra"]
[Source "ChessBase"]
[SourceDate "2006.03.10"]
[SourceVersion "2"]
[SourceVersionDate "2006.03.10"]
[SourceQuality "1"]

1. d4 d5 2. c4 c6 3. Nc3 Nf6 4. cxd5 cxd5 5. Nf3 e6 6. Bf4 Be7 7. e3 0-0 8. Bd3 a6 9. h3 h6 10. 0-0 b5 11. a3 Bb7 12. Ne5 Nbd7 13. Rc1 Rc8 14. Bb1 Ne4 15. Qd3 Ndf6 16. f3 Nd6 17. Ng4 Nf5 18. Nxf6+ gxf6 19. g4 Kh8 20. gxf5 Rg8+ 21. Kf2 Rg7 22. Rg1 Qg8 23. fxe6 f5 24. exf7 Bh4+ 25. Bg3 Bxg3+ 26. Rxg3 Qxf7 27. Rxg7 Qxg7 28. Rg1 1-0

[Event "Asti Alfieri Memorial 1st"]
[Site "Asti"]
[Date "2006.02.04"]
[Round "4"]
[White "Degrassi, Sergio"]
[Black "Martin, Tiziano"]
[Result "1-0"]
[WhiteElo "1796"]
[BlackElo "1978"]
[PlyCount "81"]
[EventDate "2006.02.02"]
[EventType "swiss"]
[EventRounds "6"]
[EventCountry "ITA"]
[SourceTitle "CBM 110 Extra"]
[Source "ChessBase"]
[SourceDate "2006.03.10"]
[SourceVersion "2"]
[SourceVersionDate "2006.03.10"]
[SourceQuality "1"]

1. d4 d6 2. Bg5 Nd7 3. Nf3 Ngf6 4. Nbd2 e5 5. e3 Be7 6. Bd3 0-0 7. c3 Ne8 8. Bxe7 Qxe7 9. Qc2 Nef6 10. Ng5 h6 11. h4 Re8 12. 0-0-0 b6 13. Nge4 Bb7 14. Ng3 e4 15. Be2 c5 16. Nf5 Qe6 17. g4 cxd4 18. Nxd4 Qxa2 19. g5 Qa1+ 20. Nb1 hxg5 21. hxg5 Nd5 22. g6 fxg6 23. Bc4 N7f6 24. Kd2 Qa5 25. b4 Qa1 26. Ba2 Kf8 27. Na3 Qxc3+ 28. Qxc3 Nxc3 29. Kxc3 Rec8+ 30. Kb2 d5 31. Nab5 Ke7 32. Rc1 Ng4 33. Rxc8 Rxc8 34. Nxa7 Rf8 35. Rc1 Rxf2+ 36. Ka3 Kd7 37. Nab5 Ba6 38. Rc7+ Ke8 39. Nd6+ Kf8 40. Ne6+ Kg8 41. Rxg7+ 1-0